[Event "Superettan(Rockaden, Sthlm II-Schack08)"]
[Site "?"]
[Date "2022.03.20"]
[Round "6"]
[White "Sternlund, Hakan"]
[Black "Gustafsson, Stefan"]
[Result "1-0"]
[WhiteElo "2133"]
[BlackElo "2022"]
[PlyCount "75"]

1. c4 d6 2. g3 g6 3. Bg2 c6 4. Nc3 Nf6 5. e4 e5 6. d4 Qc7 7. Nge2 Bg7 8. O-O a5
9. h3 Na6 10. Be3 O-O 11. Qd2 Bd7 12. Rad1 Rad8 13. f4 Ne8 14. dxe5 dxe5 15. f5
f6 16. g4 Rf7 17. Nc1 Rb8 18. c5 Bf8 19. Nb3 b5 20. cxb6 Qc8 21. Bf3 Nd6 22.
Nxa5 c5 23. Nd5 Bb5 24. Rf2 Bc4 25. b7 Qe8 26. Nb6 Qb5 27. Naxc4 Nxc4 28. Nxc4
Qxc4 29. b3 Qb4 30. Be2 Qxb7 31. Bc4 Kh8 32. Bxf7 Qxf7 33. Qd7 Be7 34. Qa7 gxf5
35. exf5 Rg8 36. Qxa6 h5 37. Rg2 hxg4 38. hxg4 1-0

[Event "Superettan(Helsingborg-Upsala)"]
[Site "?"]
[Date "2022.03.20"]
[Round "6"]
[White "Sittenfeld, Johan"]
[Black "Olsson, Fredric"]
[Result "1/2-1/2"]
[WhiteElo "2128"]
[BlackElo "2101"]
[PlyCount "125"]

1. d4 Nf6 2. c4 e6 3. Nf3 d5 4. g3 dxc4 5. Bg2 a6 6. O-O Be7 7. Ne5 Nd5 8. Nxc4
b5 9. Ne3 Bb7 10. Nxd5 Bxd5 11. e4 Bb7 12. Be3 O-O 13. Nd2 Nd7 14. Rc1 Nb6 15.
Qe2 Bb4 16. Rfd1 Rc8 17. Nb3 Nc4 18. Bf4 Bd6 19. Nc5 Bxc5 20. dxc5 Qe7 21. b3
Na5 22. Qd2 Nc6 23. Qd7 Qxd7 24. Rxd7 e5 25. Be3 Rfd8 26. Rcd1 Nd4 27. Rxd8+
Rxd8 28. Bxd4 b4 29. f3 exd4 30. Kf2 g5 31. Bh3 Kg7 32. Bf5 Kf6 33. h3 h6 34.
f4 Bc6 35. Kf3 a5 36. Rd2 Bb5 37. Bg4 Bc6 38. Bf5 Bb5 39. Bh7 Bc6 40. Rh2 gxf4
41. Kxf4 Bb5 42. Rd2 Bc6 43. e5+ Ke7 44. Bd3 f6 45. Bc4 Bb7 46. g4 Bc6 47. Re2
fxe5+ 48. Rxe5+ Kf8 49. Re6 Bd5 50. Bxd5 Rxd5 51. Ke4 Rxc5 52. Kxd4 Rc2 53.
Rxh6 Rxa2 54. Rf6+ Ke7 55. Rf3 Rc2 56. g5 c5+ 57. Kd5 Rc3 58. Rf1 Rxh3 59. Kxc5
Rxb3 60. Kb5 Ra3 61. g6 Rg3 62. Kxa5 Rxg6 63. Kxb4 1/2-1/2

[Event "Superettan(Burgsvik-Rockaden, Umea)"]
[Site "?"]
[Date "2022.03.20"]
[Round "6"]
[White "Andersson, Bjorn"]
[Black "Mardell, Jonas"]
[Result "1-0"]
[WhiteElo "2131"]
[BlackElo "2126"]
[PlyCount "33"]
[EventDate "2022.??.??"]

1. e4 c5 2. Nf3 d6 3. d4 cxd4 4. Nxd4 Nf6 5. Nc3 a6 6. Be2 e5 7. Nb3 Be7 8. O-O
Be6 9. Kh1 Qc7 10. f4 Nbd7 11. a4 Bc4 12. Nd5 Nxd5 13. exd5 Nf6 14. fxe5 dxe5
15. Bxc4 Qxc4 16. d6 O-O-O 17. Nd2 1-0

[Event "Superettan(Rockaden, Sthlm II-Schack08)"]
[Site "?"]
[Date "2022.03.20"]
[Round "6"]
[White "Narva, David"]
[Black "Johnorovskij, Jakov"]
[Result "1/2-1/2"]
[WhiteElo "2054"]
[BlackElo "1743"]
[PlyCount "86"]
[EventDate "2022.??.??"]

1. e4 e5 2. Nf3 Nc6 3. Bb5 a6 4. Ba4 Nf6 5. d3 Bc5 6. O-O b5 7. Bb3 d6 8. c3
Bb6 9. Re1 O-O 10. Nbd2 h6 11. Nf1 Bd7 12. Ne3 Ne7 13. Nh4 Qc8 14. Qf3 Bxe3 15.
Qxe3 g5 16. Nf3 Nh7 17. d4 Ng6 18. h4 Qd8 19. h5 exd4 20. Qxd4 Ne7 21. Bxg5 c5
22. Qxd6 hxg5 23. Rad1 Be6 24. Qxc5 Qe8 25. Nxg5 Bxb3 26. Nxh7 Kxh7 27. axb3
Rc8 28. Qe5 f6 29. Qe6 Rc6 30. Rd6 Rxd6 31. Qxd6 Qd8 32. Qxa6 Qd7 33. e5 f5 34.
Qd6 Qb7 35. Rd1 Rg8 36. g3 Rg7 37. Qf6 Qe4 38. h6 Rxg3+ 39. Kf1 Qg2+ 40. Ke2
Qe4+ 41. Kf1 Qg2+ 42. Ke2 Qe4+ 43. Kf1 Qg2+ 1/2-1/2

[Event "Superettan(Helsingborg-Upsala)"]
[Site "?"]
[Date "2022.03.20"]
[Round "6"]
[White "Hansen, Anders"]
[Black "Malm Lindberg, Henrik"]
[Result "1/2-1/2"]
[WhiteElo "1961"]
[BlackElo "2194"]
[PlyCount "61"]

1. Nf3 c5 2. c4 Nf6 3. g3 b6 4. Bg2 Bb7 5. O-O e6 6. b3 a6 7. Bb2 d6 8. d3 Be7
9. Nbd2 O-O 10. e3 Nbd7 11. Qe2 Re8 12. Ne1 Bxg2 13. Nxg2 d5 14. g4 Nb8 15. g5
Nfd7 16. f4 Nc6 17. Rad1 b5 18. cxd5 exd5 19. Nf3 a5 20. Ba1 Bf8 21. Kh1 a4 22.
bxa4 Rxa4 23. Qb2 Qa5 24. Qb3 Nb6 25. Ne5 Nxe5 26. fxe5 Rxa2 27. e4 Qa4 28. Qb1
Qc2 29. Qxc2 Rxc2 30. Ne3 Ra2 31. exd5 1/2-1/2

[Event "Superettan(SS 4 Springare-Burgsvik)"]
[Site "?"]
[Date "2022.03.19"]
[Round "5"]
[White "Poley, Maksim"]
[Black "Andersson, Bjorn"]
[Result "0-1"]
[WhiteElo "1368"]
[BlackElo "2131"]
[PlyCount "60"]

1. d4 g6 2. Bf4 Bg7 3. Nf3 Nf6 4. Nc3 d6 5. e4 O-O 6. Qd2 Nc6 7. O-O-O Bg4 8.
Be2 Re8 9. Bh6 Bh8 10. Ng5 Bxe2 11. Qxe2 e5 12. Nxf7 Kxf7 13. Qc4+ Ke7 14. Bg5
Kd7 15. Nd5 Kc8 16. f4 exd4 17. Rhe1 h6 18. Bh4 g5 19. Nxf6 Qxf6 20. fxg5 Qf4+
21. Kb1 Qxh4 22. Qf7 Kd8 23. g6 Ne5 24. Qf5 Qf6 25. Qxf6+ Bxf6 26. Rf1 Ke7 27.
Rxd4 Nxg6 28. Rc4 c5 29. b4 b5 30. Rc3 Bxc3 0-1

[Event "Superettan(Orgryte-Vasteras II)"]
[Site "?"]
[Date "2022.03.19"]
[Round "5"]
[White "Granath, Jonas"]
[Black "Green, Per"]
[Result "1-0"]
[WhiteElo "1868"]
[BlackElo "1946"]
[PlyCount "163"]

1. e4 c5 2. c3 Nf6 3. e5 Nd5 4. d4 cxd4 5. cxd4 d6 6. Nf3 Nc6 7. Bc4 dxe5 8.
dxe5 Be6 9. O-O Nc7 10. Qe2 Bxc4 11. Qxc4 Qd5 12. Qe2 Rd8 13. Nc3 Qd3 14. Bf4
Qxe2 15. Nxe2 Nd5 16. Bg3 e6 17. Rad1 Be7 18. Nfd4 Nxd4 19. Rxd4 O-O 20. Rfd1
Rc8 21. Nf4 Nxf4 22. Bxf4 Rfd8 23. Kf1 Rxd4 24. Rxd4 Rd8 25. Rc4 Kf8 26. Rc7
Rb8 27. Be3 Bd8 28. Rd7 a6 29. Ba7 Ke8 30. Rxf7 Kxf7 31. Bxb8 Kg6 32. Ke2 Kf5
33. Kf3 h5 34. h3 h4 35. g4+ hxg3 36. fxg3 Bb6 37. g4+ Kg5 38. Kg3 Bd4 39. b3
Bc3 40. h4+ Kg6 41. h5+ Kg5 42. Bd6 Bd2 43. Kf3 Kh6 44. Bc5 Bc3 45. Be3+ Kh7
46. Ke4 Kg8 47. Bf4 Kf7 48. Kd3 Ba5 49. Be3 Bc7 50. Bd4 Ke8 51. Kc4 Bd8 52. b4
Bg5 53. Kd3 Be7 54. Bc5 Bg5 55. Be3 Be7 56. Bd2 Bd8 57. g5 Bc7 58. Ke4 Kf7 59.
Be3 Bd8 60. Kd4 Bb6+ 61. Kd3 Bc7 62. Bf4 Bd8 63. Be3 Bc7 64. Bf4 b5 65. Ke4 Bb6
66. Be3 Bd8 67. g6+ Ke8 68. Bc5 Bg5 69. Be3 Be7 70. a3 Bd8 71. Kd4 Bb6+ 72. Kd3
Bc7 73. Bd4 Bd8 74. a4 Be7 75. Bc5 Bg5 76. Kd4 Bd2 77. Bd6 Kd7 78. Bf8 Bh6 79.
Ke4 Kc6 80. Bc5 Bd2 81. Be3 Bxb4 82. h6 1-0

[Event "Superettan(SS 4 Springare-Burgsvik)"]
[Site "?"]
[Date "2022.03.19"]
[Round "5"]
[White "Fraenkel, Mikael"]
[Black "Savela, Julina"]
[Result "1-0"]
[WhiteElo "2007"]
[BlackElo "1253"]
[PlyCount "111"]

1. e4 c5 2. Nf3 g6 3. d3 Nc6 4. g3 Bg7 5. Bg2 Nf6 6. O-O O-O 7. Re1 d6 8. c3
Re8 9. a4 Qc7 10. Nbd2 b6 11. Nc4 Nd7 12. Ne3 Nf6 13. Nh4 Bb7 14. f4 Rad8 15.
g4 e6 16. g5 Nd7 17. Ng4 f5 18. gxf6 Nxf6 19. Bh3 Ne7 20. Nxf6+ Bxf6 21. Bxe6+
Kf8 22. Qg4 Bc8 23. Bxc8 Qxc8 24. Qg3 Qe6 25. Be3 Qb3 26. Re2 Bxc3 27. bxc3
Qxc3 28. Rd1 Qb3 29. Ree1 Qxa4 30. Nf3 Ra8 31. Bc1 Qd7 32. Qh4 Ng8 33. Rf1 Re7
34. d4 c4 35. e5 d5 36. Ba3 b5 37. Qxh7 a5 38. Bxe7+ Qxe7 39. Qxg6 Qg7 40.
Qxg7+ Kxg7 41. f5 b4 42. f6+ Nxf6 43. exf6+ Kxf6 44. Ne5+ Ke6 45. Rde1 Kd6 46.
Rf6+ Kc7 47. Ng6 Rd8 48. Re7+ Rd7 49. Rxd7+ Kxd7 50. Ne5+ Kc7 51. Ra6 b3 52.
Rxa5 Kb6 53. Rxd5 c3 54. Nc4+ Kc7 55. Rc5+ Kd7 56. Ne5+ 1-0

[Event "Superettan(Orgryte-Vasteras II)"]
[Site "?"]
[Date "2022.03.19"]
[Round "5"]
[White "Virolainen, Victor"]
[Black "Kruuse, Peter"]
[Result "1-0"]
[WhiteElo "2150"]
[BlackElo "1867"]
[PlyCount "125"]

1. e4 e6 2. d4 d5 3. Nd2 dxe4 4. Nxe4 Nd7 5. Nf3 Ngf6 6. Nxf6+ Nxf6 7. Bd3 Be7
8. O-O O-O 9. Ne5 Bd7 10. Qf3 b6 11. Rd1 Rc8 12. Bg5 Nd5 13. h4 Bxg5 14. hxg5
Be8 15. Qh3 g6 16. Be4 Nf4 17. Qg4 f5 18. Qxf4 fxe4 19. Qg4 Rf5 20. Qxe4 Qxg5
21. Nf3 Qf6 22. Re1 Bf7 23. Ne5 Be8 24. Ng4 Qf8 25. Qxe6+ Bf7 26. Nh6+ Kh8 27.
Nxf7+ Rxf7 28. f3 Rd8 29. Re4 Rfd7 30. Qe5+ Qg7 31. Qxg7+ Kxg7 32. c3 c5 33.
dxc5 bxc5 34. Rae1 Rd2 35. R1e2 Rd1+ 36. Kf2 R8d7 37. Re5 R1d5 38. Rxd5 Rxd5
39. Re7+ Kf6 40. Rxh7 Rd2+ 41. Kg3 Rxb2 42. Rxa7 Rc2 43. Ra6+ Kf5 44. Rc6 Rxc3
45. a4 g5 46. a5 Ke5 47. a6 Kd5 48. a7 Ra3 49. Rc7 Ra4 50. Rg7 Kc6 51. Kf2 Kb6
52. g4 Ra3 53. Ke2 c4 54. Kd2 Kc5 55. Rxg5+ Kd4 56. Rg7 Ra2+ 57. Kc1 Kc3 58.
Kb1 Ra4 59. Rb7 Kd2 60. g5 Kd3 61. g6 c3 62. Rd7+ Kc4 63. g7 1-0

[Event "Superettan(Schack 08-Upsala)"]
[Site "?"]
[Date "2022.03.19"]
[Round "5"]
[White "Johansson, Jan"]
[Black "Nyander, Joakim"]
[Result "1-0"]
[WhiteElo "2291"]
[BlackElo "2243"]
[PlyCount "77"]

1. d4 Nf6 2. Nf3 c5 3. d5 e6 4. c4 b5 5. Bg5 exd5 6. cxd5 d6 7. e4 a6 8. a4 Be7
9. axb5 O-O 10. Nc3 Bb7 11. Bf4 axb5 12. Rxa8 Bxa8 13. Bxb5 Qa5 14. Nd2 Rd8 15.
O-O Nbd7 16. Nc4 Qc7 17. Qa4 Bb7 18. Qa5 Qb8 19. Nxd6 Rf8 20. Nf5 Qxf4 21.
Nxe7+ Kh8 22. g3 Qe5 23. Bxd7 Nxd7 24. Nc6 Qd6 25. Qb5 Ba8 26. Ra1 h5 27. Qe2
Bxc6 28. dxc6 Qxc6 29. Qxh5+ Kg8 30. Qd5 Qb6 31. Qd2 Ne5 32. Qe2 Re8 33. Nd5
Qb7 34. Kg2 Nc6 35. Qa6 Qd7 36. f3 Rb8 37. Qxc6 Rxb2+ 38. Kg1 Qh3 39. Qc8+ 1-0

[Event "Superettan(Kristallen-Rockaden, Umea)"]
[Site "?"]
[Date "2022.03.19"]
[Round "5"]
[White "Eriksson, Jorgen"]
[Black "Lindh, Fredrik"]
[Result "1/2-1/2"]
[WhiteElo "2303"]
[BlackElo "2202"]
[PlyCount "62"]

1. d4 Nf6 2. Nf3 g6 3. g3 Bg7 4. Bg2 d5 5. O-O O-O 6. Nbd2 Nc6 7. c4 dxc4 8.
Nxc4 Be6 9. b3 Bd5 10. Bb2 a5 11. Rc1 a4 12. bxa4 Ra6 13. e3 Qa8 14. Nce5 Rd8
15. a3 Rxa4 16. Nxc6 Bxc6 17. Ne5 Bxg2 18. Kxg2 c5 19. Qf3 cxd4 20. exd4 b5 21.
Qxa8 Rdxa8 22. Rc5 b4 23. axb4 Rxb4 24. Ra1 Re8 25. Bc3 Rb7 26. f3 e6 27. Ra2
Bf8 28. Rc4 Nd5 29. Bd2 Bb4 30. Kf2 Bxd2 31. Rxd2 Ra8 1/2-1/2

[Event "Superettan(Rockaden,Sthlm II-Farsta)"]
[Site "?"]
[Date "2022.03.19"]
[Round "5"]
[White "Livner, Anders"]
[Black "Bryntze, Stefan"]
[Result "1/2-1/2"]
[WhiteElo "2379"]
[BlackElo "2183"]
[PlyCount "91"]

1. c4 b6 2. Nc3 Bb7 3. d4 e6 4. a3 d6 5. Nf3 Nd7 6. e4 Be7 7. d5 Bf6 8. Nb5 Nc5
9. Qc2 c6 10. dxc6 Bxc6 11. Bd3 g5 12. O-O a6 13. Nbd4 Ba4 14. b3 g4 15. bxa4
gxf3 16. Bb2 Be5 17. Rfd1 Qf6 18. Bf1 fxg2 19. Bxg2 Nh6 20. Ra2 Rg8 21. Kh1
Rxg2 22. Kxg2 O-O-O 23. Ne2 Ng4 24. Ng3 Rg8 25. Bxe5 Qxe5 26. Qb2 Nxe4 27. Qxb6
Ngxf2 28. Rxf2 Rxg3+ 29. hxg3 Qxg3+ 30. Kf1 Qh3+ 31. Rg2 Qf3+ 32. Ke1 Qxg2 33.
Qc6+ Kd8 34. Rxd6+ Ke7 35. Qd7+ Kf6 36. Rd3 e5 37. Qd5 Qg1+ 38. Ke2 Ng5 39.
Qd6+ Kf5 40. Qd7+ Kf6 41. c5 Qg2+ 42. Kd1 Qg1+ 43. Ke2 Qg2+ 44. Kd1 Qg1+ 45.
Ke2 Qg2+ 46. Kd1 1/2-1/2

[Event "Superettan(Schack 08-Upsala)"]
[Site "?"]
[Date "2022.03.19"]
[Round "5"]
[White "Karlsson, Tomas"]
[Black "Wagner, Stephan"]
[Result "0-1"]
[WhiteElo "2314"]
[BlackElo "2222"]
[PlyCount "86"]

1. e4 c6 2. d4 d5 3. e5 Bf5 4. Nf3 e6 5. Be2 c5 6. O-O Nc6 7. c4 dxc4 8. dxc5
Bxc5 9. Bxc4 Qxd1 10. Rxd1 Bg4 11. Bb5 Nge7 12. Bg5 Bxf3 13. gxf3 O-O 14. Bxe7
Nxe7 15. Bd3 Rfd8 16. Nc3 Bd4 17. Be4 Ng6 18. Bxg6 hxg6 19. f4 g5 20. fxg5 Bxe5
21. Kg2 Kh7 22. Ne4 Kg6 23. h4 b6 24. Rac1 Bxb2 25. Rxd8 Rxd8 26. Rc7 Rd4 27.
f3 Ra4 28. Rc2 Be5 29. Kh3 Ra3 30. Rf2 Kf5 31. Kg2 b5 32. Rc2 Kf4 33. Nf2 Rxf3
34. Nh3+ Ke3 35. Ng1 Rf5 36. Rc5 Rf2+ 37. Kh3 Rh2+ 38. Kg4 Bd4 39. Rc1 Rg2+ 40.
Kh3 Rxa2 41. h5 Ra1 42. Rxa1 Bxa1 43. Kg4 b4 0-1

[Event "Superettan(Kristallen-Rockaden, Umea)"]
[Site "?"]
[Date "2022.03.19"]
[Round "5"]
[White "Walinder, Lars"]
[Black "Malmstig, Erik"]
[Result "0-1"]
[WhiteElo "2263"]
[BlackElo "2177"]
[PlyCount "50"]

1. c4 e5 2. Nc3 Nc6 3. e3 Nf6 4. Nf3 Bb4 5. Qc2 O-O 6. Nd5 Re8 7. a3 Bf8 8. Ng5
g6 9. h4 Bg7 10. Be2 d6 11. b3 Bf5 12. d3 e4 13. Bb2 Nxd5 14. Bxg7 Nxe3 15. Qc3
exd3 16. fxe3 Rxe3 17. Bh6 Rxe2+ 18. Kf1 Ne5 19. Kg1 Qf6 20. Qd4 c5 21. Qf4 Ng4
22. Rf1 Nxh6 23. h5 Qb2 24. Rh2 Ng4 25. Nxf7 Qd4+ 0-1

[Event "Superettan(Rockaden,Sthlm II-Farsta)"]
[Site "?"]
[Date "2022.03.19"]
[Round "5"]
[White "Nikolic, Vladan"]
[Black "Ong, Kezli"]
[Result "1/2-1/2"]
[WhiteElo "2205"]
[BlackElo "2300"]
[PlyCount "63"]

1. d4 Nf6 2. c4 e6 3. Nf3 d5 4. g3 Be7 5. Bg2 O-O 6. O-O dxc4 7. Qc2 a6 8. a4
Bd7 9. Qxc4 Bc6 10. Bg5 a5 11. Rd1 Na6 12. Nbd2 Nb4 13. e3 Rc8 14. Ne5 Bxg2 15.
Kxg2 c5 16. Ndf3 cxd4 17. Qxd4 Qxd4 18. Nxd4 Nc2 19. Nxc2 Rxc2 20. Rac1 Rfc8
21. Rxc2 Rxc2 22. b3 Kf8 23. Bxf6 gxf6 24. Nc4 Rc3 25. Rd7 Rxb3 26. Nxa5 Rb4
27. Rxb7 Rxa4 28. Nc6 Ba3 29. Nd8 Be7 30. Nc6 Ba3 31. Nd8 Be7 32. Nc6 1/2-1/2

[Event "Superettan(Schack 08-Upsala)"]
[Site "?"]
[Date "2022.03.19"]
[Round "5"]
[White "Burwick, Malte"]
[Black "Schutz, Ingemar"]
[Result "0-1"]
[WhiteElo "2215"]
[BlackElo "2192"]
[PlyCount "84"]

1. Nf3 Nf6 2. g3 g6 3. Bg2 Bg7 4. O-O O-O 5. d4 d6 6. a4 a5 7. Nc3 Nc6 8. e4
Bg4 9. h3 Bxf3 10. Bxf3 e5 11. d5 Nb4 12. Nb5 Ne8 13. c3 Na6 14. Na3 f5 15. Nc4
Nc5 16. exf5 gxf5 17. Be3 Nd7 18. Bc1 Kh8 19. Ra3 Qe7 20. b4 b6 21. Re1 Qf7 22.
Bh5 Qg8 23. Ne3 f4 24. Ng4 Rf5 25. Nh2 fxg3 26. fxg3 e4 27. c4 axb4 28. Rae3
Nc5 29. Bg4 Rf8 30. Rxe4 Bc3 31. Kg2 Nxe4 32. Rxe4 Nf6 33. Be6 Nxe4 34. Bxg8
Rf2+ 35. Kg1 Rxg8 36. Ng4 Ra2 37. Qf3 Nd2 38. Bxd2 Rxd2 39. Nh6 Re8 40. Nf7+
Kg7 41. Kf1 Rf8 42. Qg4+ Kxf7 0-1

[Event "Superettan(Kristallen-Rockaden, Umea)"]
[Site "?"]
[Date "2022.03.19"]
[Round "5"]
[White "Nygren, David"]
[Black "Andersson, Goran L"]
[Result "1-0"]
[WhiteElo "2182"]
[BlackElo "2246"]
[PlyCount "59"]

1. e4 c6 2. d4 d5 3. exd5 cxd5 4. c4 Nf6 5. Nc3 Nc6 6. Bg5 dxc4 7. Bxc4 Qxd4 8.
Qxd4 Nxd4 9. O-O-O e5 10. Nf3 Be6 11. Nxe5 Bxc4 12. Nxc4 Ne6 13. Bxf6 gxf6 14.
Kb1 f5 15. Ne3 f4 16. Nf5 Bc5 17. Ne4 O-O 18. Rd3 f6 19. Rhd1 b6 20. Rd7 Ng5
21. Rg7+ Kh8 22. Rdd7 Rg8 23. Rxg5 Rxg5 24. Nxf6 Rh5 25. Nxh5 Rf8 26. Nd4 Kg8
27. Ne6 Rf5 28. Nhxf4 Bxf2 29. Rd8+ Kf7 30. Rf8+ 1-0

[Event "Superettan(Rockaden,Sthlm II-Farsta)"]
[Site "?"]
[Date "2022.03.19"]
[Round "5"]
[White "Degerman, Lars"]
[Black "Eriksson, Dan"]
[Result "0-1"]
[WhiteElo "2433"]
[BlackElo "2184"]
[PlyCount "152"]

1. c4 e5 2. g3 Nf6 3. Bg2 d5 4. cxd5 Nxd5 5. Nc3 Nb6 6. Nf3 Nc6 7. O-O Be7 8.
a3 O-O 9. b4 Be6 10. Rb1 f6 11. b5 Nd4 12. e3 Nxf3+ 13. Bxf3 Bc4 14. Re1 Bd3
15. Bxb7 Rb8 16. Be4 Bxb1 17. Qb3+ Kh8 18. Qxb1 g6 19. d4 f5 20. Bc6 Bf6 21.
Ne2 Qe7 22. Rd1 Rfd8 23. Qb3 exd4 24. Nxd4 Qc5 25. Qf7 Qe7 26. Qa2 Qc5 27. Bb2
Qc4 28. Qb1 Na4 29. Rc1 Qf7 30. Ba1 a6 31. Qb4 axb5 32. Bxb5 c5 33. Qxa4 cxd4
34. Rc6 Qa2 35. Rc1 Ra8 36. Qd1 Qxa3 37. Bxd4 Bxd4 38. exd4 Qb2 39. Qf1 Rxd4
40. Rb1 Qa2 41. Bc6 Rad8 42. Bf3 Rd3 43. Ra1 Qb3 44. Rb1 Qc3 45. Rc1 Qd4 46.
Qe2 Rd2 47. Qe1 g5 48. Kg2 g4 49. Bb7 f4 50. gxf4 Qxf4 51. Rc5 Rxf2+ 52. Qxf2
Rd2 53. Rc8+ Kg7 54. Qxd2 Qxd2+ 55. Kg3 Qd3+ 56. Kg2 Qd7 57. Ba6 Qd5+ 58. Kf2
Qd4+ 59. Kg2 Qb6 60. Rc4 Qxa6 61. Rxg4+ Kf6 62. Rg3 Qe2+ 63. Kh3 Qf2 64. Rg2
Qf5+ 65. Kg3 Qd3+ 66. Kf2 h5 67. Rg3 Qd2+ 68. Kg1 Qe1+ 69. Kg2 Qe2+ 70. Kh3 Qc4
71. Rf3+ Kg5 72. Rg3+ Kh6 73. Kg2 h4 74. Rf3 Qe2+ 75. Rf2 Qe4+ 76. Kf1 h3 0-1

[Event "Superettan(Schack 08-Upsala)"]
[Site "?"]
[Date "2022.03.19"]
[Round "5"]
[White "Faldt, Magnus"]
[Black "Malm Lindberg, Henrik"]
[Result "1-0"]
[WhiteElo "2159"]
[BlackElo "2194"]
[PlyCount "77"]

1. d4 Nf6 2. c4 e6 3. Nc3 Bb4 4. Qc2 c5 5. dxc5 Bxc5 6. Nf3 Qb6 7. e3 Qc7 8.
Be2 b6 9. O-O Bb7 10. a3 a6 11. h3 Be7 12. e4 d6 13. Be3 Nbd7 14. Rac1 O-O 15.
Rfd1 Rac8 16. Qb1 Qb8 17. b4 Rfe8 18. Bf1 Bf8 19. Nd2 d5 20. cxd5 exd5 21. Nxd5
Nxd5 22. Rxc8 Qxc8 23. exd5 Bxd5 24. Qd3 Nf6 25. Bxb6 Bb7 26. Nb3 Qc6 27. Be3
Bc8 28. Rc1 Qe6 29. Bc5 Ne4 30. Re1 Bd7 31. Rxe4 Qxe4 32. Qxd7 Qe1 33. Bxf8
Rxf8 34. Nc5 a5 35. b5 Qc1 36. Qd5 Rc8 37. b6 Qxc5 38. Qxc5 Rxc5 39. b7 1-0

[Event "Superettan(Kristallen-Rockaden, Umea)"]
[Site "?"]
[Date "2022.03.19"]
[Round "5"]
[White "Persson, Andreas"]
[Black "Mardell, Jimmy"]
[Result "1/2-1/2"]
[WhiteElo "2117"]
[BlackElo "2140"]
[PlyCount "50"]

1. d4 d5 2. Nf3 Nf6 3. g3 e6 4. Bg2 Be7 5. O-O O-O 6. c4 dxc4 7. Qc2 b5 8. Ne5
Nd5 9. Nc3 c6 10. a4 f6 11. Nf3 Qb6 12. axb5 Bb7 13. bxc6 Nxc6 14. e4 Ndb4 15.
Qe2 Nxd4 16. Nxd4 Qxd4 17. Rd1 Nd3 18. Be3 Qd7 19. b3 Qc6 20. bxc4 Ne5 21. Nb5
Rfd8 22. Rdc1 a5 23. Nd4 Qa6 24. f4 Nf7 25. Rcb1 Bc5 1/2-1/2

[Event "Superettan(Rockaden,Sthlm II-Farsta)"]
[Site "?"]
[Date "2022.03.19"]
[Round "5"]
[White "Narva, David"]
[Black "Lagerborg, Krister"]
[Result "1/2-1/2"]
[WhiteElo "2054"]
[BlackElo "2129"]
[PlyCount "75"]

1. e4 c5 2. Nf3 d6 3. Bc4 e6 4. c3 Nf6 5. d3 Nc6 6. Bb3 Be7 7. O-O O-O 8. Re1
b5 9. d4 Bb7 10. Qe2 c4 11. Bc2 e5 12. d5 Nb8 13. a4 a6 14. b4 cxb3 15. Bxb3
bxa4 16. Bxa4 Nbd7 17. Ba3 Qc7 18. Nbd2 Nc5 19. Bxc5 Qxc5 20. Qc4 Rfc8 21. Qxc5
Rxc5 22. Rab1 Bc8 23. Bc6 Ra7 24. Rec1 Bd7 25. Nb3 Rxc6 26. dxc6 Bxc6 27. Na5
Bxe4 28. Rb8+ Bf8 29. Nd2 Bd3 30. Nc6 Rc7 31. Nb4 Be2 32. Ra8 a5 33. Rxa5 g6
34. Ra8 Kg7 35. Na6 Rc6 36. Nb4 Rc7 37. Na6 Rc6 38. Nb4 1/2-1/2

[Event "Superettan(Schack 08-Upsala)"]
[Site "?"]
[Date "2022.03.19"]
[Round "5"]
[White "Marttala, Thomas"]
[Black "Wiklund, Johan"]
[Result "1-0"]
[WhiteElo "2199"]
[BlackElo "1934"]
[PlyCount "123"]

1. e4 e6 2. d4 d5 3. Nd2 Nc6 4. Ngf3 Nf6 5. e5 Nd7 6. Bb5 Be7 7. O-O O-O 8. c3
f6 9. exf6 Bxf6 10. Re1 Re8 11. Ne5 Ncxe5 12. dxe5 Be7 13. Nf3 c5 14. Bd3 Nf8
15. h3 Bd7 16. Nh2 Rc8 17. Qg4 d4 18. Bh6 g6 19. c4 Bc6 20. Qf4 Nd7 21. Ng4 Rc7
22. g3 b6 23. h4 Qa8 24. h5 Bh1 25. Re4 Bxe4 26. Bxe4 Qd8 27. hxg6 hxg6 28.
Bxg6 Rf8 29. Bxf8 Qxf8 30. Nf6+ Nxf6 31. exf6 Bd8 32. f7+ Rxf7 33. Bxf7+ Qxf7
34. Qxf7+ Kxf7 35. Kg2 e5 36. Kf3 Ke6 37. Ke4 Bg5 38. Rd1 Bf6 39. b3 Bg5 40.
Rh1 Bf6 41. Rh7 Be7 42. Rh6+ Bf6 43. g4 Kf7 44. Kf5 Bg7 45. Rh3 Kg8 46. f4 exf4
47. Kxf4 Kf7 48. Kf5 Kf8 49. Ke6 Kg8 50. g5 Kf8 51. Rf3+ Kg8 52. Rh3 Kf8 53.
Kf5 Kf7 54. Rf3 Kf8 55. Ke4+ Ke7 56. g6 Bf6 57. Kd5 Bg5 58. Rf7+ Ke8 59. Ke4
Be7 60. Rf3 Bf8 61. Kd5 Be7 62. g7 1-0

[Event "Superettan(Kristallen-Rockaden, Umea)"]
[Site "?"]
[Date "2022.03.19"]
[Round "5"]
[White "Mardell, Jonas"]
[Black "Naslund, Mikael"]
[Result "0-1"]
[WhiteElo "2126"]
[BlackElo "2146"]
[PlyCount "94"]

1. e4 c5 2. c3 Nf6 3. e5 Nd5 4. d4 cxd4 5. Qxd4 e6 6. Bc4 Nc6 7. Qe4 Nb6 8. Bb3
d6 9. exd6 Bxd6 10. Nf3 Bd7 11. Bf4 Bxf4 12. Qxf4 Qf6 13. Qg3 Qg6 14. Qxg6 hxg6
15. Nbd2 O-O-O 16. Ne4 Kc7 17. O-O Bc8 18. Nfg5 Rhf8 19. Rad1 Nd5 20. c4 Ndb4
21. Rxd8 Nxd8 22. a3 Nbc6 23. Rd1 e5 24. Nd6 Bf5 25. Nxf5 gxf5 26. Ba4 Nd4 27.
Kf1 N8c6 28. f4 exf4 29. b4 f6 30. Nh3 Ne6 31. b5 Ne5 32. Bc2 Nxc4 33. Kf2 Ne3
34. Rc1 Nxc2 35. Rxc2+ Kb6 36. a4 g5 37. Ng1 Nc5 38. Rc4 Rd8 39. Ke2 Re8+ 40.
Kd2 Re4 41. Kc3 Nxa4+ 42. Kb4 Rxc4+ 43. Kxc4 Nb2+ 44. Kd5 Nd1 45. Ke6 Ne3 46.
Kxf6 g4 47. h4 Nxg2 0-1

[Event "Superettan(Rockaden,Sthlm II-Farsta)"]
[Site "?"]
[Date "2022.03.19"]
[Round "5"]
[White "Stavenberg, Karl"]
[Black "Svorono, Gabriel"]
[Result "1/2-1/2"]
[WhiteElo "2088"]
[BlackElo "2073"]
[PlyCount "142"]

1. d4 Nf6 2. c4 e6 3. Nc3 Bb4 4. Qc2 O-O 5. a3 Bxc3+ 6. Qxc3 d6 7. g3 Nbd7 8.
Nf3 b6 9. Bg2 Bb7 10. O-O c5 11. b3 Rc8 12. Rd1 Qe7 13. Qb2 Rfd8 14. dxc5 Nxc5
15. Bg5 h6 16. Bxf6 Qxf6 17. Qxf6 gxf6 18. Nd2 Bxg2 19. Kxg2 d5 20. cxd5 Rxd5
21. b4 Rcd8 22. bxc5 Rxd2 23. Rxd2 Rxd2 24. cxb6 axb6 25. Kf3 f5 26. Ke3 Rd6
27. Rb1 Kg7 28. Rb3 Kf6 29. f4 e5 30. fxe5+ Kxe5 31. Rb5+ Kf6 32. Kf4 Rd4+ 33.
Kf3 Rd6 34. Kf4 Rd4+ 35. Kf3 Rd6 36. Ke3 Ke6 37. Rb3 Ke5 38. Rd3 Rc6 39. Kd2
Rc4 40. Rb3 Rc6 41. Kd3 Kd5 42. Rb5+ Ke6 43. Kd4 h5 44. e4 Rd6+ 45. Ke3 fxe4
46. Kxe4 Rc6 47. Re5+ Kf6 48. Rxh5 Rc4+ 49. Kd3 Ra4 50. Rh6+ Ke5 51. Rxb6 Rxa3+
52. Kc4 f5 53. Rh6 Ke4 54. Rh4+ Ke5 55. Rh5 Ke4 56. Kb4 Ra6 57. Kc3 Rd6 58.
Rh4+ Ke5 59. Rf4 Rh6 60. Rf2 Ke4 61. Kd2 Ra6 62. Ke2 Ra3 63. Rf4+ Ke5 64. Kf2
Ra2+ 65. Kg1 Kf6 66. h4 Kg6 67. Rf2 Ra5 68. Kg2 Ra1 69. Re2 Ra3 70. Re8 f4 71.
g4 Rg3+ 1/2-1/2

[Event "Superettan(Schack 08-Upsala)"]
[Site "?"]
[Date "2022.03.19"]
[Round "5"]
[White "Sternlund, Hakan"]
[Black "Sittenfeld, Johan"]
[Result "1/2-1/2"]
[WhiteElo "2133"]
[BlackElo "2128"]
[PlyCount "69"]

1. c4 e6 2. Nc3 d5 3. d4 Nf6 4. Nf3 Be7 5. e3 O-O 6. Qc2 c5 7. dxc5 Bxc5 8. a3
Nc6 9. b4 d4 10. Na4 Bb6 11. Nxb6 Qxb6 12. b5 Ne7 13. exd4 a6 14. c5 Qd8 15.
bxa6 bxa6 16. Be2 Bb7 17. O-O Bd5 18. Be3 Qc7 19. Ne5 a5 20. Rab1 Rfd8 21. Bd3
a4 22. Nc4 Bxc4 23. Bxc4 Nf5 24. Qd2 Nxe3 25. fxe3 Qxc5 26. Qd3 Qd6 27. Qe2
Qxa3 28. Rb5 Qe7 29. Rfb1 Ra7 30. Qf3 Nd5 31. e4 Nc7 32. Rb8 h6 33. d5 exd5 34.
Bxd5 Nxd5 35. exd5 1/2-1/2

[Event "Superettan(Kristallen-Rockaden, Umea)"]
[Site "?"]
[Date "2022.03.19"]
[Round "5"]
[White "Lindfors, Tom"]
[Black "Johansson, David"]
[Result "1-0"]
[WhiteElo "2091"]
[BlackElo "2113"]
[PlyCount "133"]

1. d4 f5 2. Nf3 e6 3. g3 Nf6 4. Bg2 Be7 5. c4 O-O 6. Nc3 Ne4 7. Qc2 Nxc3 8.
Qxc3 a5 9. O-O d6 10. Rd1 Bf6 11. Qc2 Qe8 12. e4 e5 13. dxe5 dxe5 14. Be3 Nc6
15. Bc5 Be7 16. Bxe7 Qxe7 17. exf5 Bxf5 18. Qc3 Rad8 19. Nh4 Bg4 20. Rxd8 Rxd8
21. Bd5+ Rxd5 22. cxd5 Nd4 23. Re1 Ne2+ 24. Rxe2 Bxe2 25. Qxa5 Kf7 26. Qe1 Bg4
27. Qe4 Qg5 28. Kg2 g6 29. Qc4 Bd7 30. Qxc7 Qe7 31. Qc4 Kg7 32. Nf3 e4 33. Nd2
Bf5 34. Qd4+ Kh6 35. d6 Qe6 36. h4 Bh3+ 37. Kh2 Bf5 38. d7 Qxd7 39. Qxd7 Bxd7
40. Nxe4 Bc6 41. Nd2 Bd5 42. a4 g5 43. hxg5+ Kxg5 44. Kg1 Kg4 45. Kf1 Bc6 46.
b3 Kf5 47. Ke2 Ke5 48. Kd3 Kd5 49. Kc3 Kc5 50. Nc4 Be8 51. Ne3 Bd7 52. f4 Be6
53. b4+ Kd6 54. Kd4 Bd7 55. b5 Be6 56. a5 Bd7 57. Nc4+ Kc7 58. Kc5 Bh3 59. Ne3
Be6 60. Nd5+ Kb8 61. Kd6 Bf5 62. Ne7 Bd3 63. b6 Bc4 64. Ke5 Bf7 65. Kf6 Be8 66.
Kg7 h5 67. f5 1-0